MARC

Tag First Indicator Second Indicator Subfields
LEADER 00000cam a22000004a 4500
001 in00003398921
005 20190405193125.0
006 m d
007 cr |||||||nn|n
008 050602s2006 hiu o d eng d
010 |z  2005015648 
020 |a 9780824865092 
020 |z 9780824829209 (alk. paper) 
020 |z 0824829204 (alk. paper) 
035 |a (MdBmJHUP)muse9780824865092 
040 |a MdBmJHUP  |c MdBmJHUP  |d UtOrBLW 
043 |a a-ja---  |a a-cc--- 
050 0 0 |a DS888.5  |b .K895 2006 
082 0 0 |a 940.54/88752  |2 22 
100 1 |a Kushner, Barak,  |d 1968- 
245 1 4 |a The thought war :  |b Japanese imperial propaganda /  |c Barak Kushner. 
264 1 |a Honolulu :  |b University of Hawaii Press,  |c [2006] 
264 4 |c ©2006 
300 |a 1 online resource (ix, 242 pages :) :  |b illustrations 
336 |a text  |b txt  |2 rdacontent 
337 |a computer  |b c  |2 rdamedia 
338 |a online resource  |b cr  |2 rdacarrier 
504 |a Includes bibliographical references (pages 219-236) and index. 
505 0 |a Master propagandists and their craft -- Defining the limits of society -- Advertising as propaganda -- A funny thing happened to me on the way to the front -- The Japanese propaganda struggle on the Chinese mainland -- Preparing for defeat. 
588 |a Description based on print version record. 
500 |a Electronic resource. 
651 0 |a Japan  |x History  |y 1926-1945. 
650 0 |a World War, 1939-1945  |x Psychological aspects. 
650 0 |a World War, 1939-1945  |x Propaganda. 
650 0 |a Sino-Japanese War, 1937-1945  |x Psychological aspects. 
650 0 |a Sino-Japanese War, 1937-1945  |x Propaganda. 
650 0 |a Propaganda, Japanese. 
655 7 |a Electronic books.  |2 local 
856 4 0 |u http://proxy.library.tamu.edu/login?url=http://muse.jhu.edu/books/9780824865092/  |z Connect to the full text of this electronic book  |t 0 
999 |a MARS 
999 f f |s f8e95a24-91ff-3938-bb77-c86875e71bf8  |i b11beea0-41d2-30dd-93e6-67bc25da33eb  |t 0 
952 f f |a Texas A&M University  |b College Station  |c Electronic Resources  |d Available Online  |t 0  |e DS888.5 .K895 2006  |h Library of Congress classification 
998 f f |a DS888.5 .K895 2006  |t 0  |l Available Online